| 000 | 02446 a2200301 i 4500 | ||
|---|---|---|---|
| 001 | 265283511 | ||
| 003 | MePoLT | ||
| 005 | 20240607120711.0 | ||
| 008 | 240606b ||||| |||| 00| 0 eng d | ||
| 020 | _a9781119748793 | ||
| 038 | _aMalang Jan | ||
| 040 |
_aMePoLT _cMePoLT _erda |
||
| 082 |
_a720.47 _bALT |
||
| 090 | 4 | _aNA2500.A484 | |
| 245 | 0 | 0 |
_aAlt-Form: _6Indeterminacy and Disorder/ _cedited by Viola Ago |
| 264 | 1 |
_aLondon: _bJohn Wiley & Sons; _c2022. |
|
| 300 |
_a128p.: _bill; _c27cm. |
||
| 440 | 1 | 0 |
_aArchitectural design _933235 |
| 490 | 1 | 0 |
_aArchitectural design _vvol:92,no:02 |
| 505 | _aIntroduction. Embracing Uncertainty : How Policies Shape the World / Viola Ago -- Articles. Chaos, Creativity, Change : The Cybernetic Logic of Late Capitalism / Andrew Culp -- Architectonisation : The Spatio-Temporal Rhythms of Contemporary Sculptural Practices / Suzanne Cotter -- Kombinat : The Unseen and Their Architectural Oddkins / Dorina Pllumbi -- Painterly, Misfit and Redundant : Challenging Precision and Optimisation with Scavenging / Faysal Tabbarah -- Moving Pictures : Three Installations for Public Life / Jennifer Newsom -- Heavyweight : Undermining Power Structures Through Spatial Destabilisation and Force Simulation / Jeffrey Halstead -- Rude Forms Among Us : Contemporary Construction of Prehistoric Ruins / Anna Neimark -- 'Strange Networks' : Inhabiting the Boundary Condition A Conversation with Thom Mayne / Viola Ago -- Chromophobia in the 'Smart' City / Carolyn L Kane -- Images of Former Futures and Reformations / Dalena Tran -- Rendering Representational Atmosphere Appropriating Formalisms Around Invisible Objects in Film / Carl Lostritto -- Signature Urbanism : Shaping Subperceptual Forms for the New Multispectral City / Ersela Kripa, Stephen Mueller -- Rebellious Architecture : Bayou ReconstructedV Mitch McEwen, Kristina Kay Robinson -- An Aesthetic of Collapse : Alternative Form, Disorder and Indeterminacy A Conversation with Jack Halberstam / Viola Ago -- From Another Perspective. Sculpting the Forest of Symbols Nick Ervinck / Neil Spiller. | ||
| 520 | _aAlt-Form: Indeterminacy and Disorder (Architectural Design) by Viola Ago (2022) | ||
| 650 |
_aArchitectural design _931720 |
||
| 650 |
_aForm (Aesthetics) _933475 |
||
| 650 |
_aDesign architectural _9123195 |
||
| 700 | 1 |
_aAgo,Viola _9123300 |
|
| 942 |
_2ddc _cBK |
||
| 999 |
_c609529 _d609529 |
||